000 00470pab a2200169 454500
008 180718b2008 xxu||||| |||| 00| 0 eng d
100 _aGanapati, SuKumar
245 _aGood intentions, unintended consequences: impact of adker consent decree on miami-dade country's subsidized housing
260 _c2008
300 _ap.57-84.
362 _aSep
650 _aHousing
700 _aFrank, Howard
773 _aUrban Affairs Review
908 _aN
909 _a81879
999 _c81879
_d81879